[Event "Sheki op-B"]
[Site "Sheki"]
[Date "2025.06.20"]
[Round "3"]
[White "Sadigov, Kamil"]
[Black "Allahverdi, Zahra"]
[Result "1-0"]
[WhiteElo "1610"]
[BlackElo "1833"]
[PlyCount "71"]
[EventDate "2025.06.19"]
[EventType "swiss"]
[EventRounds "9"]
[EventCountry "AZE"]
[SourceTitle "CB27_2025"]
[SourceDate "2025.07.02"]
[SourceVersion "1"]
[SourceVersionDate "2025.07.02"]
[SourceQuality "1"]

1. e4 e5 2. Nf3 Nc6 3. Bc4 Bc5 4. c3 Nf6 5. d4 exd4 6. cxd4 Bb4+ 7. Bd2 Bxd2+ 8. Nbxd2 d6 9. 0-0 0-0 10. h3 d5 11. exd5 Nxd5 12. Ne4 Bf5 13. Nc3 Nf4 14. Qd2 Qd6 15. Nb5 Qh6 16. Nxc7 Bxh3 17. Nh2 Bxg2 18. Qe3 Qg5 19. Qg3 Nh3+ 20. Kxg2 Nf4+ 21. Kh1 Qh6 22. Nxa8 Nxd4 23. Rae1 Qc6+ 24. f3 Nh5 25. Qg4 Nf5 26. Rg1 Nhg3+ 27. Rxg3 Nxg3+ 28. Qxg3 Qxc4 29. Nc7 Qxa2 30. Qd6 g6 31. Qf6 Qa4 32. Ng4 h5 33. Ne5 Qa5 34. Rg1 Qb6 35. Qe7 a5 36. Qxf8+ 1-0